000 00803nam a2200265Ia 4500
003 OSt
005 20221006143238.0
006 a|||||r|||| 00| 0
007 ta
008 221006b |||||||| |||| 00| 0 eng d
020 _cY5220
024 _a8,429
037 _cTextual
040 _aEASL
_cEASL
_beng
041 _2eng
_aeng
082 _aX65.42.M90, N1
100 _aLEVINE Solomon B Ed.
_9451258
245 0 _aAnnals of the American Academy of Political and Social Science, Vol.513, January 1991
_b Japan's external economic relation
260 _aLondon
_bSage Pub.
_c1991
300 _a210p.
_ccm.
490 _v JEL
700 _a TAIRA Koji Ed.
_9338301
942 _hX65.42.M90, N1
_cTEXL
_2CC
999 _c1076515
_d1076515